<The> Impact of Modernizing the Production Process on Society

Spôsoby modernizácie výrobných procesov. Robotizácia. Digitalizácia. Rozšírená realita. 3D tlač.

Salvato in:
Dettagli Bibliografici
Autore principale: Rakovská, Júlia, 1972-
Natura: Capitolo di libro
Lingua:slovacco
Soggetti:
Tags: Aggiungi Tag
Nessun Tag, puoi essere il primo ad aggiungerne!!

MARC

LEADER 00000naa$a2200000$$$4500
001 0250869
005 20240502083717.2
041 0 |a slo 
044 |a CZ 
245 1 0 |a <The> Impact of Modernizing the Production Process on Society  |c Júlia Rakovská 
520 |a Spôsoby modernizácie výrobných procesov. Robotizácia. Digitalizácia. Rozšírená realita. 3D tlač. 
610 2 0 |a výroba 
610 2 0 |a výroba automatizovaná 
610 2 0 |a inovácie technologické 
610 2 0 |a efektívnosť 
610 2 0 |a proces výrobný 
610 2 0 |a modernizácia 
610 2 0 |a modernizácia organizácie a riadenia výroby 
610 2 0 |a digitalizácia 
100 1 |a Rakovská, Júlia, 1972-